书目信息 |
| 题名: |
县域乡村地域功能演化与发展模式研究
|
|
| 作者: | 龚迎春 著 | |
| 分册: | ||
| 出版信息: | 北京 人民出版社 2014 |
|
| 页数: | 252页 | |
| 开本: | 24cm | |
| 丛书名: | ||
| 单 册: | ||
| 中图分类: | TU982.261.4 , F323.1 | |
| 科图分类: | ||
| 主题词: | 乡村--区域规划--研究--修武县 | |
| 电子资源: | ||
| ISBN: | 978-7-01-014246-3 | |
| 000 | 01008nam0 2200241 450 | |
| 001 | 338856 | |
| 005 | 20150604092807.45 | |
| 010 | @a978-7-01-014246-3@dCNY45.00 | |
| 100 | @a20150122d2014 emky0chiy50 ea | |
| 101 | 0 | @achi |
| 102 | @aCN@b110000 | |
| 105 | @ay v 000yy | |
| 106 | @ar | |
| 200 | 1 | @a县域乡村地域功能演化与发展模式研究@Axian yu xiang cun di yu gong neng yan hua yu fa zhan mo shi yan jiu@e以河南省修武县为例@f龚迎春著 |
| 210 | @a北京@c人民出版社@d2014 | |
| 215 | @a252页@d24cm | |
| 330 | @a本书以河南修武县为例, 系统阐述了其乡村地域功能演化的时空特征, 全面解析了乡村地域功能演化的影响因素, 详细绘制了乡村地域功能演化的动力传输系统架构图, 综合凝练了乡村发展模式并归纳出其同质性和异质性, 并在此基础上提出走主导功能定位与优化具体功能相结合的“特质化”发展之路。 | |
| 606 | 0 | @a乡村@x区域规划@x研究@y修武县 |
| 690 | @aTU982.261.4@v5 | |
| 690 | @aF323.1@v5 | |
| 701 | 0 | @a龚迎春@Agong ying chun@c(女, @f1980)@4著 |
| 801 | 0 | @aCN@b卓展宏图@c20150525 |
| 905 | @dTU982.261.4@e669@f5 | |
| 县域乡村地域功能演化与发展模式研究:以河南省修武县为例/龚迎春著.-北京:人民出版社,2014 |
| 252页;24cm |
| ISBN 978-7-01-014246-3:CNY45.00 |
| 本书以河南修武县为例, 系统阐述了其乡村地域功能演化的时空特征, 全面解析了乡村地域功能演化的影响因素, 详细绘制了乡村地域功能演化的动力传输系统架构图, 综合凝练了乡村发展模式并归纳出其同质性和异质性, 并在此基础上提出走主导功能定位与优化具体功能相结合的“特质化”发展之路。 |
| ● |
| 相关链接 |
|
|
|
|
正题名:县域乡村地域功能演化与发展模式研究
索取号:TU982.261.4/669
 
预约/预借
| 序号 | 登录号 | 条形码 | 馆藏地/架位号 | 状态 | 备注 |
| 1 | 860878 | 208608782 | 第二样本阅览室/ [索取号:TU982.261.4/669] | 在馆 | |
| 2 | 860879 | 208608791 | 第三借阅区/ [索取号:TU982.261.4/669] | 在馆 | |
| 3 | 860880 | 208608808 | 第三借阅区/ [索取号:TU982.261.4/669] | 在馆 | |
| 4 | 860881 | 208608817 | 第三借阅区/ [索取号:TU982.261.4/669] | 在馆 | |
| 5 | 860882 | 208608826 | 第三借阅区/ [索取号:TU982.261.4/669] | 在馆 |